Statistiques concernant Football Europe 2021/2022: Palmarès

Cliquez ici pour prendre le quiz!

Statistiques générales

  • Ce quiz a été pris 587 fois
  • Le résultat moyen est 17 sur 24

Statistiques - réponses

Réponse% Correct
Real Madrid
100%
Bayern Munich
98%
Paris SG
96%
Manchester City
95%
Liverpool FC
92%
Ajax Amsterdam
89%
FC Porto
89%
Milan AC
89%
FC Nantes
88%
Inter Milan
87%
Betis Séville
84%
Celtic Glasgow
82%
Glasgow Rangers
81%
AS Rome
80%
PSV Eindhoven
76%
Eintracht Francfort
75%
RB Leipzig
73%
Club Bruges
72%
Olympiakos
61%
FC Zurich
40%
Panathinaikos
27%
Trabzonspor
25%
La Gantoise
24%
Sivasspor
7%

Distribution des résultats

Percentile par nombre de réponses

% des personnes avec chaque résultat

Votre développement - résultats

Vous n’avez pas pris ce quiz